Bringing out the best in people [
| Main Author: | |
|---|---|
| Format: | Book |
| Published: |
Illinois :
Nightingale-Conant Audio ,
19--
|
| Subjects: |
MARC
| LEADER | 00000cam a2200000 7i4500 | ||
|---|---|---|---|
| 001 | 0000001420 | ||
| 002 | 000001560 | ||
| 005 | .0 | ||
| 020 | |a 1555253997 | ||
| 090 | 0 | 0 | |a 158 |b MCG |
| 100 | 1 | |a MCGINNIS, Alan Loy | |
| 245 | 1 | 0 | |a Bringing out the best in people [ |h soundrecording] |c Alan Loy McGinnis |
| 260 | |a Illinois : |b Nightingale-Conant Audio , |c 19-- | ||
| 300 | |a 1 sound cassette [60 minutes] | ||
| 650 | 0 | 0 | |a Success |x Ability |x Motivation |x Personal development |
| 999 | |a 00026 |b KASET |c KOLEKSI AUDIO VIDEO |e PERPUSTAKAAN KOMUNITI PETALING JAYA | ||